|
|
|
|
| LEADER |
00000nab a2200000 a 4500 |
| 001 |
vtls000701808 |
| 003 |
SK-MaSNL |
| 005 |
20260302195414.0 |
| 008 |
160314c xo 0 slo |
| 015 |
|
|
|a SNBRB1999/09-20174
|
| 035 |
|
|
|a CLN000053975
|
| 040 |
|
|
|a SNKBUCL
|b slo
|c SNKBUCL
|e AACR2
|
| 041 |
0 |
|
|a slo
|
| 044 |
|
|
|a xo
|c SK
|
| 080 |
|
|
|a 82:061.7:06.063:82.085:885.4
|2 UDC-MRF-SK2
|
| 080 |
|
|
|a 82.085
|2 UDC-MRF-SK2
|
| 080 |
|
|
|a 885.4:061.7
|2 UDC-MRF-SK2
|
| 100 |
0 |
|
|a Ľ.H.
|4 aut
|9 693668
|
| 245 |
1 |
0 |
|a Desiate dni Mateja Hrebendu
|c [autor] Ľ.H.
|
| 611 |
2 |
7 |
|a Dni Mateja Hrebendu
|n (10. :
|d 1999 :
|c Levoča, Slovensko)
|2 snkbucl
|
| 650 |
0 |
7 |
|a amatérsky umelecký prednes
|x súťaže
|2 snkbucl
|9 86390
|
| 650 |
0 |
7 |
|a literatúra slovenská
|x súťaže
|x 1999
|2 snkbucl
|9 892160
|
| 773 |
0 |
|
|x 0862-8823
|t Slovenské národné noviny
|g Roč. 10 (14), č. 40 (1999), s. 12
|
| 850 |
|
|
|a Slovenská národná knižnica v Martine
|
| 852 |
|
|
|a SNK
|b KIS3GCP
|
| 958 |
|
|
|a SK
|
| 958 |
|
|
|a LX
|
| 958 |
|
|
|a RBX
|
| 999 |
|
|
|c 1452510
|d 1454440
|